000 00917cam a22002054a 4500
005 20250605164119.0
008 250528s ||||||||||||||||||||||||d
035 _a18194
020 _a471924075
040 _aGR-AtMCL
_bgre
_dGR-AtMCL
_eAACR2
245 1 _aCreative Modelling with Lotus 1-2-3 TM / Second Edition
250 _a2nd
260 _bJohn Wiley & Sons, Ltd,
_c1989
300 _a198
520 _aThis book shows that the sole for products like 1-2-3 is much wider than the financial modelling for which it is best known. Preface, Introduction, Simple 1-2-3 Worksheets, Expanding the Worksheet, Designing Worksheets, Graphs and Printed Worksheets, Database Management, Statistical Analysis, Survey Data, Analysis of Relationships, Sales Forecasting, Financial Planning Models, Investment Appraisal, Index.
700 1 _aJackson Mary
_94486
942 _cBK
999 _c3572
_d3572